Responses for Show #5897 - Tuesday, April 13, 2010

Contestants

[<< previous game]

Andrew Sidden, a bartender from Miami Beach, Florida

Arthur Christy, a forensic scientist from Suffolk, Virginia

Morgan Saxby, a research associate from Charlottesville, Virginia (whose 3-day cash winnings total $66,401)

[next game >>]

Jeopardy! Round responses

NATURE
WHAT THE CURRENT TV TITLE MEANS
THE BUSINESS OF PLEASURE
REMEMBER APRIL
THE TRUCK STOPS HERE
ONE O, THEN 2 O's
    $200 1
wasps

Arthur
    $200 6
90210

Morgan
    $200 16
Playboy

Andrew
    $200 11
Daisy Duck

Andrew
    $200 26
Portland

Andrew
    $200 21
courtroom

Arthur
    $400 2
cheetahs

Andrew
    $400 7
Scrubs

Arthur
    $400 17
Anheuser-Busch

Morgan
    $400 12
payola

Morgan
    $400 27
Nashville

Arthur
    $400 22
overbook

Andrew
    $600 3
vertebrae

Andrew
    $600 8
30 Rock

Andrew
    $600 18
Caesar's Palace

Andrew
    $600 13
(Morgan: What is the... uh, Treasury?)

the U.S. Mint

Morgan
Triple Stumper
    $600 28
Route 66

Morgan
    $600 23
monsoon

Andrew
    $800 4
(Morgan: What is a black widow?)

a brown recluse

MorganArthur
    $800 9
Glee

Morgan
    $800 19
(Andrew: Who is Larry Flynn?)
[Originally ruled correct; reversed before the DJ! Round after a "booth review"]

Larry Flynt

Andrew
Triple Stumper
    $800 14
Robert Browning

Triple Stumper
    $800 29
(Alex: Out in the West Texas town of [*].)

El Paso

Triple Stumper
    $800 24
hotfoot

Arthur
    $1000 5
(Morgan: What are orcas?)

dolphins

MorganArthur
    $1000 10
Fringe

Morgan
    $1000 20
absinthe

Arthur
    $1,000 15
The Canterbury Tales

Morgan
    $1000 30
(Andrew: What is Alabama?)
(Morgan: What is North Carolina?)

South Carolina

MorganArthurAndrew
    $1000 25
pontoon

Andrew

Scores at the first commercial break (after clue 15):

Morgan Arthur Andrew
$1,000 $2,400 $1,800

Scores at the end of the Jeopardy! Round:

Morgan Arthur Andrew
$1,000 $5,800 $3,000

Double Jeopardy! Round responses

PULITZER PRIZE WINNERS
SPORTS LEGENDS
PLAY FASTER!
JOAQUIN
"MY" BABY
BACK HOME
(Alex: Oh, gosh. Joaquin my baby back home. All right. The writers are having fun.)
    $400 1
(Frank) McCourt

Morgan
    $400 4
Nolan Ryan

Andrew
    $400 21
beats per minute

Arthur
    $400 26
Joaquin Phoenix

Andrew
    $400 7
Mylanta

Andrew
    $400 13
Iran

Morgan
    $2,000 2
(William) Safire

Morgan
    $800 9
(Michelle) Kwan

Morgan
    $800 22
adagio

Andrew
    $800 27
the Dominican Republic

Andrew
    $800 8
Myron

Arthur
    $800 14
China

Arthur
    $1200 3
(Aaron) Copland

Arthur
    $1200 15
(Roberto) Duran

Arthur
    $1200 23
andante

Morgan
    $1200 28
San Francisco Bay

Morgan
    $1200 10
Mylar

Andrew
    $1200 18
(Andrew: What is Scotland?)

Libya

ArthurAndrew
    $1600 5
the Times-Picayune

Morgan
    $1600 16
Terry Bradshaw

Arthur
    $1600 25
allegro

Andrew
    $1600 30
(Morgan: What is the Economic Community?)
(Arthur: What is the European Community?)

European Commission

MorganArthur
Triple Stumper
    $1600 11
myelin

Morgan
    $1600 19
(Alex: Going back to World War II and [*].)

the Philippines

Triple Stumper
    $2000 6
William Saroyan

Triple Stumper
    $2000 17
(Morgan: Who is Jackson?)

(Althea) Gibson

MorganArthur
    $2000 24
presto

Andrew
    $2000 29
Nin

Morgan
    $2000 12
Mycenae

Morgan
    $2,000 20
Pakistan

Arthur

Scores at the end of the Double Jeopardy! Round:

Morgan Arthur Andrew
$10,600 $15,400 $9,400

[wagering suggestions for these scores]

Final Jeopardy! Round responses

BRAND LOGOS
(Alex: You are correct. The apple fell from the tree.)
AndrewWhat is apple computers
$6,002
MorganWhat is Apple
$8,201
ArthurWhat is Apple?
$5,801
Apple Computer

Final scores:

Morgan Arthur Andrew
$18,801 $21,201 $15,402
2nd place: $2,000 New champion: $21,201 3rd place: $1,000

Game dynamics:

Coryat scores:

Morgan Arthur Andrew
$9,400 $15,400 $9,400
17 R
(including 2 DDs),
6 W
18 R
(including 1 DD),
1 W
18 R,
3 W

Combined Coryat: $34,200

[game clues] [game scores] [suggest correction]

Game tape date: 2010-01-20
The J! Archive is created by fans, for fans. Scraping, republication, monetization, and malicious use prohibited; this site may use cookies and collect identifying information. See terms. The Jeopardy! game show and all elements thereof, including but not limited to copyright and trademark thereto, are the property of Jeopardy Productions, Inc. and are protected under law. This website is not affiliated with, sponsored by, or operated by Jeopardy Productions, Inc. Join the discussion at JBoard.tv.